LIBRARY ONLINE CATALOGUE

Human rights politics and practice / (Record no. 4191)

MARC details
000 -LEADER
fixed length control field 00578cam a22002052 4500
001 - CONTROL NUMBER
control field 0000020846
005 - DATE AND TIME OF LATEST TRANSACTION
control field 20151217145928.0
008 - FIXED-LENGTH DATA ELEMENTS--GENERAL INFORMATION
fixed length control field 111021s xx 000 0 eng d
020 ## - INTERNATIONAL STANDARD BOOK NUMBER
International Standard Book Number 0199540846 :
040 ## - CATALOGING SOURCE
Original cataloging agency KABU
Transcribing agency KABU
245 10 - TITLE STATEMENT
Title Human rights politics and practice /
Statement of responsibility, etc. Michael Goodhart (ed)
250 ## - EDITION STATEMENT
Edition statement 1st ed.
260 ## - PUBLICATION, DISTRIBUTION, ETC. (IMPRINT)
Place of publication, distribution, etc. Oxford :
Name of publisher, distributor, etc. OUP,
Date of publication, distribution, etc. 2009.
300 ## - PHYSICAL DESCRIPTION
Extent xx, 453 p.
650 #0 - SUBJECT ADDED ENTRY--TOPICAL TERM
Topical term or geographic name as entry element Human rights.
-- 0000150298
700 1# - ADDED ENTRY--PERSONAL NAME
Personal name Goodhart, Michael.
-- 0000181449
852 1# - LOCATION
-- p3250 KES
908 ## - PUT COMMAND PARAMETER (RLIN)
Put command parameter 111021
950 ## - LOCAL HOLDINGS (RLIN)
-- 1
Holdings
Withdrawn status Lost status Source of classification or shelving scheme Not for loan Home library Current library Date acquired Total Checkouts Full call number Barcode Date last seen Date last checked out Price effective from Koha item type Total Renewals
    Library of Congress Classification   Kabarak, Main Campus Kabarak, Main Campus 17/12/2015 7 JC571 .H86 2009 c.1 19643 07/10/2024 24/09/2024 17/12/2015 General Collection  
    Library of Congress Classification   Kabarak, Main Campus Kabarak, Main Campus 17/12/2015 4 JC571 .H86 2009 c.2 19644 28/10/2024 24/09/2024 17/12/2015 General Collection 1